Statistics for World Capital Airports

Click here to take the quiz!

General Stats

  • This quiz has been taken 6 times
  • The average score is 23 of 214

Answer Stats

CountryAirport% Correct
United States of AmericaWashington-Dulles International Airport
80%
United KingdomLondon City Airport
60%
United KingdomLondon Gatwick Airport
60%
United KingdomLondon Heathrow Airport
60%
United KingdomLondon Luton Airport
60%
United KingdomLondon Stansted Airport
60%
South KoreaSeoul-Incheon International Airport
60%
SingaporeSingapore Changi International Airport
60%
NetherlandsAmsterdam Airport Schiphol
40%
United States of AmericaBaltimore-Washington International Airport
40%
EgyptCairo International Airport
40%
QatarDoha International Airport
40%
Saudi ArabiaKing Khalid International Airport
40%
RussiaMoscow-Domodedovo International Airport
40%
SwedenStockholm Arlanda Airport
40%
JapanTokyo-Haneda International Airport
40%
JapanTokyo-Narita International Airport
40%
AustriaVienna International Airport
40%
United Arab EmiratesAbu Dhabi International Airport
20%
SpainAdolfo Suárez Madrid–Barajas Airport
20%
EritreaAsmara International Airport
20%
BahrainBahrain International Airport
20%
Sri LankaBandaranaike International Airport
20%
The GambiaBanjul International Airport
20%
ChinaBeijing-Capital International Airport
20%
IsraelBen Gurion International Airport
20%
GermanyBerlin-Tegel Airport
20%
SlovakiaBratislava International Airport
20%
BelgiumBrussels International Airport
20%
BurundiBujumbura International Airport
20%
MoldovaChișinău International Airport
20%
DenmarkCopenhagen International Airport
20%
SyriaDamascus International Airport
20%
ThailandDon Mueang International Airport
20%
IrelandDublin International Airport
20%
UgandaEntebbe International Airport
20%
AfghanistanHamid Karzai International Airport
20%
IndiaIndira Gandhi International Airport
20%
KenyaJomo Kenyatta International Airport
20%
PeruJorge Chávez International Airport
20%
CubaJosé Martí International Airport
20%
IcelandKeflavík International Airport
20%
SudanKhartoum International Airport
20%
RwandaKigali International Airport
20%
Democratic Republic of the CongoKinshasa International Airport
20%
KuwaitKuwait International Airport
20%
ItalyLeonardo da Vinci–Fiumicino Airport
20%
MalawiLilongwe International Airport
20%
United KingdomLondon Southend Airport
20%
Equatorial GuineaMalabo International Airport
20%
MaltaMalta International Airport
20%
MexicoMexico City International Airport
20%
RussiaMoscow-Sheremetyevo International Airport
20%
RussiaMoscow-Vnukovo International Airport
20%
RussiaMoscow-Zhukovsky International Airport
20%
OmanMuscat
20%
ChadN'Djamena International Airport
20%
CyprusNicosia International Airport
20%
JamaicaNorman Manley International Airport
20%
South AfricaO. R. Tambo International Airport
20%
NorwayOslo International Airport
20%
CanadaOttawa Macdonald–Cartier International Airport
20%
FranceParis Charles de Gaulle Airport
20%
FranceParis-Orly Airport
20%
BhutanParo International Airport
20%
MontenegroPodgorica International Airport
20%
KosovoPristina International Airport
20%
North KoreaPyongyang International Airport
20%
JordanQueen Alia International Airport
20%
LatviaRiga International Airport
20%
United States of AmericaRonald Reagan Washington National Airport
20%
YemenSana'a International Airport
20%
Sao Tome and PrincipeSao Tome International Airport
20%
Bosnia and HerzegovniaSarajevo International Airport
20%
South KoreaSeoul-Gimpo International Airport
20%
SeychellesSeychelles International Airport
20%
MauritiusSir Seewoosagur Ramgoolam International Airport
20%
MacedoniaSkopje International Airport
20%
BulgariaSofia International Airport
20%
SwedenStockholm Bromma Airport
20%
ThailandSuvarnabhumi International Airport
20%
GeorgiaTbilisi International Airport
20%
IranTehran Imam Khomeini International Airport
20%
PanamaTocumen International Airport
20%
NepalTribhuvan International Airport
20%
LithuaniaVilnius International Airport
20%
PolandWarsaw Chopin International Airport
20%
CroatiaZagreb International Airport
20%
EthiopiaAddis Ababa Bole International Airport
0%
SomaliaAden Adde International Airport
0%
ArgentinaAeroparque Jorge Newbery
0%
AndorraAndorra–La Seu d'Urgell Airport
0%
TurkeyAnkara Esenboğa International Airport
0%
Saint Vincent and GrenadinesArgyle International Airport
0%
ChileArturo Merino Benítez International Airport
0%
TurkmenistanAshgabat International Airport
0%
GreeceAthens International Airport
0%
NicaraguaAugusto C. Sandino International Airport
0%
IraqBaghdad International Airport
0%
MaliBamako–Sénou International Airport
0%
Central African RepublicBangui M'Poko International Airport
0%
VanuatuBauerfield International Airport
0%
LebanonBeirut–Rafic Hariri International Airport
0%
SerbiaBelgrade Nikola Tesla Airport
0%
GermanyBerlin-Schönefeld Airport
0%
SwitzerlandBern Airport
0%
SenegalBlaise Diagne International Airport
0%
KiribatiBonriki International Airport
0%
BrazilBrasília International Airport
0%
BruneiBrunei International Airport
0%
HungaryBudapest Ferenc Liszt International Airport
0%
BeninCadjehoun Airport
0%
AustraliaCanberra Airport
0%
UruguayCarrasco International Airport
0%
GuyanaCheddi Jagan International Airport
0%
MongoliaChinggis Khaan Intertional Airport
0%
ItalyCiampino–G. B. Pastine International Airport
0%
GuineaConakry International Airport
0%
NigerDiori Hamani International Airport
0%
DjiboutiDjibouti-Ambouli International Airport
0%
TanzaniaDodoma Airport
0%
DominicaDouglas-Charles International Airport
0%
TajikistanDushanbe International Airport
0%
BoliviaEl Alto International Airport
0%
ColombiaEl Darado International Airport
0%
ArgentinaEl Palomar Airport
0%
SamoaFaleolo International Airport
0%
TongaFuaʻamotu International Airport
0%
TuvalaFunafuti International Airport
0%
Saint LuciaGeorge F. L. Charles Airport
0%
BarbadosGrantley Adams International Airport
0%
FinlandHelsinki International Airport
0%
RomaniaHenri Coandă International Airport
0%
AzerbaijanHeydar Aliyev International Airport
0%
Solomon IslandsHoniara International Airport
0%
NamibiaHosea Kutako International Airport
0%
AlgeriaHouari Boumediene International Airport
0%
El SalvadorIlopango International Airport
0%
PakistanIslamabad International Airport
0%
MadagascarIvato International Airport
0%
Papua New GuineaJacksons International Airport
0%
SurinameJohan Adolf Pengel International Airport
0%
Costa RicaJuan Santamaría International Airport
0%
ZambiaKenneth Kaunda International Airport
0%
SwazilandKing Mswati III International Airport
0%
GhanaKotoka International Airport
0%
MalaysiaKuala Lumpur International Airport
0%
UkraineKyiv International Airport
0%
GuatemalaLa Aurora International Airport
0%
Dominican RepublicLas Américas International Airport
0%
GabonLéon-Mba International Airport
0%
SenegalLéopold Sédar Senghor International Airport
0%
PortugalLisbon International Airport
0%
SloveniaLjubljana Jože Pučnik Airport
0%
TogoLomé–Tokoin International Airport
0%
Sierra LeoneLungi International Airport
0%
LuxembourgLuxembourg International Airport
0%
The BahamasLynden Pindling International Airport
0%
KyrgystanManas International Airport
0%
MozambiqueMaputo International Airport
0%
EcuadorMariscal Sucre International Airport
0%
Marshall IslandsMarshall Islands International Airport
0%
GrenadaMaurice Bishop International Airport
0%
Republic of the CongoMaya-Maya International Airport
0%
ArgentinaMinistro Pistarini International Airport
0%
BelarusMinsk National Airport
0%
LbiyaMitiga International Airport
0%
LesothoMoshoeshoe International Airport
0%
FijiNaurosi International Airport
0%
NauruNauru International Airport
0%
MyanmarNay Pyi Taw International Airport
0%
Cape VerdeNelson Mandela International Airport
0%
PhilippinesNinoy Aquino International Airport
0%
NigeriaNnamdi Azikiwe International Airport
0%
VietnamNoi Bai International Airport
0%
MauritaniaNouakchott–Oumtounsy International Airport
0%
KazakhstanNursultan Nazarbayev International Airport
0%
Guinea-BissauOsvaldo Vieira International Airport
0%
PalauPalau International Airport
0%
BelizePhillip S. W. Goldson International Airport
0%
CambodiaPhnom Penh International Airport
0%
Trinidad and TobagoPiarco International Airport
0%
MicronesiaPohnpei International Airport
0%
East TimorPresidente Nicolau Lobato International Airport
0%
ComorosPrince Said Ibrahim International Airport
0%
AngolaQuatro de Fevereiro Airport
0%
MoroccoRabat–Salé Airport
0%
ZimbabweRobert Gabriel Mugabe International Airport
0%
Saint Kitts and NevisRobert L. Bradshaw International Airport
0%
LiberiaRoberts International Airport
0%
BangladeshShahjalal International Airport
0%
ParaguaySilvio Pettirossi International Airport
0%
VenezuelaSimón Bolívar International Airport
0%
BotswanaSir Seretse Khama International Airport
0%
IndonesiaSoekarno-Hatta International Airport
0%
SwedenStockholm Skavsta Airport
0%
SwedenStockholm Västerås Airport
0%
TaiwanTaipei-Songshan International Airport
0%
EstoniaTallinn Airport
0%
TaiwanTaoyuan International Airport
0%
UzbekistanTashkent International Airport
0%
Burkina FasoThomas Sankara International Airport
0%
AlbaniaTirana International Airport Nënë Tereza
0%
HondurasToncontín International Airport
0%
HaitiToussaint Louverture International Airport
0%
TunisiaTunis–Carthage International Airport
0%
Czech RepublicVáclav Havel Airport Prague
0%
Antigua and BarbudaV. C. Bird International Airport
0%
MaldivesVelana International Airport
0%
LaosWattay International Airport
0%
New ZealandWellington International Airport
0%
Cote D'IvorieYamoussoukro Airport
0%
CameroonYaoundé Nsimalen International Airport
0%
ArmeniaZvartnots International Airport
0%

Score Distribution

Percentile by Number Answered

Percent of People with Each Score

Your Score History

You have not taken this quiz